00278nam a2200109Ia 4500008004100000041000800041100001400049245005000063260001900113650001500132999002100147240109s9999 xx 000 0 und d aeng aR.L.Mills aStatictics for Applied Economics and Business bM.G.H Newyork  aManagement c1020505d1020505